|
|
|
|
| LEADER |
01168nam a2200277 a 4500 |
| 001 |
2580722 |
| 008 |
100217s1999 maua b 001 0 eng d |
| 010 |
|
|
|a \\\96035511
|
| 020 |
|
|
|a 8123906412
|
| 020 |
|
|
|a 0750622679
|
| 040 |
|
|
|a DLC
|c DLC
|d DLC
|
| 082 |
0 |
0 |
|a 720/.9
|2 20
|
| 100 |
1 |
|
|a Fletcher, Banister,
|c Sir,
|d 1866-1953.
|
| 240 |
1 |
0 |
|a History of architecture.
|
| 245 |
0 |
0 |
|a Sir Banister Fletcher's a history of architecture.
|
| 250 |
|
|
|a 20th ed. /
|b edited by Dan Cruickshank ; consultant editors, Andrew Saint, Peter Blundell Jones, Kenneth Frampton ; assistant editor, Fleur Richards.
|
| 260 |
|
|
|a Oxford ;
|a Boston :
|b Architectural Press ;
|a India :
|b CBS Publishers & Distributors,
|c 1999.
|
| 300 |
|
|
|a xxxviii, 1794 p. :
|b ill. ;
|c 26 cm.
|
| 504 |
|
|
|a Includes bibliographical references (p. 1671-1712) and index.
|
| 541 |
1 |
|
|e 00011704
|
| 650 |
|
0 |
|a Architecture
|x History.
|
| 700 |
1 |
|
|a Cruickshank, Dan.
|
| 852 |
4 |
|
|a Ayesha Abed Library
|j General shelf
|
| 942 |
0 |
0 |
|0 2
|
| 999 |
|
|
|c 7591
|d 7591
|
| 952 |
|
|
|0 0
|1 0
|2 ddc
|4 0
|6 720_900000000000000_FLE_1999
|7 0
|9 8261
|a BRACUL
|b BRACUL
|c GEN
|d 2010-02-17
|l 3
|m 9
|o 720.9 FLE
|p 3010011704
|r 2017-05-11
|s 2017-02-22
|t 1
|w 2010-02-17
|y BK
|